000 nam a22 a 4500
999 _c391297
_d391297
003 BLK
005 20201105103606.0
008 201105b bu ||||| |||| 00| 0 bu d
040 _aBLK
041 _aFRE
_cFRE
080 _aПриготвяне на храната. Кулинария
_b641.5
_z641.5
080 _aФренска литература
_b821.133.1
_z821.133.1
100 _91299
_aBrillat-Savarin, Jean Anthelme
_eпърви автор
245 _aPhysiologie du gout
_bT. 1 -
_cJean Anthelme Brillat-Savarin
_nT. 2
260 _9217674
_aParis
_bLibr. de la Bibliotheque Nationale
_c1882
300 _c13 см
380 _a62
490 _9206365
_aCollection des meilleurs auteurs anciens et modernes
490 _9435080
_aКолекция Редки и ценни издания
650 7 _9159807
_aКулинария
653 7 _9183885
_aгастрономия
653 7 _9199576
_aфренска литература
760 _h191 с.
_oT. 2
852 _aРф 881
_bРц
942 _cKNG
_n0
_s1
944 _aCR
_c2020-11-05
_kВЙ
999 _d391296